| 000 | 00445cam a2200169ua 4500 | ||
|---|---|---|---|
| 020 | _c200.00 | ||
| 041 |
_aeng _h |
||
| 082 |
_a581.15 _bPET/GE |
||
| 100 | _aPeter, K.V . | ||
| 245 |
_aGenetics and breeding of vegetables / _cK.V Peter. _hTextual Documents |
||
| 260 |
_aNew Delhi : _bIndian Council for Agricultural Research , _c1998. |
||
| 300 | _a333 ; . | ||
| 365 | _a200.00 | ||
| 504 | _a | ||
| 942 | _cBK | ||
| 999 |
_c11991 _d11991 |
||